ბათუმის შოთა რუსთაველის სახელმწიფო უნივერსიტეტის ბიბლიოთეკა

Расчет и конструирование частей гражданских зданий. (ბიბ.ჩანაწერი № 42562)

000 -LEADER
fixed length control field 00768nam a2200217Ia 4500
001 - CONTROL NUMBER
control field 9261
003 - CONTROL NUMBER IDENTIFIER
control field GE_BSU
008 - FIXED-LENGTH DATA ELEMENTS--GENERAL INFORMATION
fixed length control field 181216s||||||||xx |||||||||||||| ||und||
040 ## - CATALOGING SOURCE
Transcribing agency GE_BSU
080 ## - UNIVERSAL DECIMAL CLASSIFICATION NUMBER
Universal Decimal Classification number 692+624.902
100 ## - MAIN ENTRY--PERSONAL NAME
Personal name Ленович,Е.Е. Ленович,Л.Е.
245 ## - TITLE STATEMENT
Title Расчет и конструирование частей гражданских зданий.
245 ## - TITLE STATEMENT
Statement of responsibility, etc. Ред. К.Бергер. А.Тепляков.
250 ## - EDITION STATEMENT
Edition statement Изд. шестое, стереотипное.
260 ## - PUBLICATION, DISTRIBUTION, ETC.
Place of publication, distribution, etc. Киев.
260 ## - PUBLICATION, DISTRIBUTION, ETC.
Name of publisher, distributor, etc. Госстройиздат.
260 ## - PUBLICATION, DISTRIBUTION, ETC.
Date of publication, distribution, etc. 1960.
300 ## - PHYSICAL DESCRIPTION
Extent 687 стр. с илл. 22 см.
653 ## - INDEX TERM--UNCONTROLLED
Uncontrolled term Расчет и конструирование частей гражданских зданий.
942 ## - ADDED ENTRY ELEMENTS (KOHA)
Koha item type წიგნი
ეგზემპლარები
Withdrawn status Lost status Damaged status Not for loan Date acquired Barcode Date last seen Price effective from Koha item type
        2018-12-17 10041 2018-12-17 2018-12-17 წიგნი